| 000 | 00674cam a22002413a 4500 | ||
|---|---|---|---|
| 001 | 3421 | ||
| 003 | PGUSA | ||
| 005 | 20140828083032.0 | ||
| 008 | 020901s2002||||xxu|||||s|||||000 | eng d | ||
| 040 |
_aPGUSA _beng |
||
| 042 | _adc | ||
| 050 | 4 | _aQL | |
| 100 | 1 |
_aFabre, Jean-Henri, _d1823-1915 |
|
| 245 | 1 | 0 |
_aBramble-Bees and Others _h[electronic resource] / _cJean-Henri Fabre |
| 260 |
_bProject Gutenberg, _c2002 |
||
| 506 | _aPublic domain in the USA. | ||
| 516 | _aElectronic text | ||
| 653 | _aBees | ||
| 700 | 1 |
_aTeixeira de Mattos, Alexander, _d1865-1921 |
|
| 830 | 0 |
_aProject Gutenberg _v3421 |
|
| 856 | 4 | 0 | _uhttp://www.gutenberg.org/ebooks/3421 |
| 942 | _cEB | ||
| 999 |
_c232750 _d232750 |
||